|
|
|
|
| LEADER |
00000nam2a2200000 4500 |
| 001 |
258750 |
| 005 |
20231101233325.0 |
| 035 |
|
|
|a (RuTPU)RU\TPU\book\281638
|
| 035 |
|
|
|a RU\TPU\book\107428
|
| 090 |
|
|
|a 258750
|
| 100 |
|
|
|a 20140428d1973 k y0rusy50 ca
|
| 101 |
0 |
|
|a rus
|
| 102 |
|
|
|a RU
|
| 105 |
|
|
|a a z 001zy
|
| 200 |
0 |
|
|a Вып. 29 : Аэродинамика лопаточных машин
|f И. В. Брусиловский [и др.]
|
| 210 |
|
|
|d 1973
|
| 215 |
|
|
|a 227 с.
|c ил.
|
| 320 |
|
|
|a Библиогр. в конце ст.
|
| 461 |
|
1 |
|0 (RuTPU)RU\TPU\book\83746
|t Промышленная аэродинамика
|o [сборник статей]
|f Центральный аэрогидродинамический институт (ЦАГИ)
|v Вып. 29 : Аэродинамика лопаточных машин
|d [1944]-1991
|
| 606 |
1 |
|
|a Аэродинамика
|2 stltpush
|3 (RuTPU)RU\TPU\subj\29869
|9 53103
|
| 606 |
1 |
|
|a Вентиляторы
|2 stltpush
|3 (RuTPU)RU\TPU\subj\2169
|9 30764
|
| 610 |
1 |
|
|a решетки профилей
|
| 610 |
1 |
|
|a расчет
|
| 610 |
1 |
|
|a диффузоры
|
| 610 |
1 |
|
|a схемы
|
| 675 |
|
|
|a 533.6
|v 4
|
| 675 |
|
|
|a 621.63
|v 4
|
| 701 |
|
1 |
|a Брусиловский
|b И. В.
|
| 701 |
|
1 |
|a Гегин
|b А. Д.
|
| 701 |
|
1 |
|a Довжик
|b С. А.
|
| 701 |
|
1 |
|a Ушаков
|b К. А.
|
| 801 |
|
1 |
|a RU
|b 63413507
|c 20060720
|g PSBO
|
| 801 |
|
2 |
|a RU
|b 63413507
|c 20171101
|g PSBO
|
| 942 |
|
|
|c BK
|